Z kim USA toczyło wojnę? - Statystyki

Ogólne statystyki
  • Ten quiz został rozwiązany 49 razy
    21 od ostatniego zresetowania
  • Średni wynik to 8 z 17
Statystyki odpowiedzi
rok państwo % Poprawnych
1776 Wielka Brytania
100%
2001 Afganistan
74%
1917 Niemcy
74%
2003 Irak
68%
1941 Japonia
68%
1846 Meksyk
68%
1941 Niemcy
68%
1941 Włochy
63%
1917 Austro - Węgry
53%
1812 Wielka Brytania
53%
1917 Bułgaria
32%
1898 Hiszpania
21%
1917 Imperium Osmańskie
21%
1941 Francja Vichy
16%
1941 Rumunia
16%
1941 Węgry
16%
1861 Skonfederowane Stany Ameryki
11%
Nie znaleziono quizów pasujących do podanych kryteriów
Rozkład punktacji
Procent ludzi z każdym wynikiem
Percentyl według liczby udzielonych odpowiedzi
Twoja historia wyników
Nie rozwiązałeś tego quizu od ostatniego zresetowania